1331 1625 1974 1624 1638 1947 1856 1295 1407 1998 1865 1342 1631 1235 1834 1681 1722 1664 1365 1343 1394 1829 1445 1497 1144 1565 1044 1364 1529 1465 1437 1527 1452 1854 1479 1822 1486 1122 1775 1784 1113 1928 1254 1833 1890 1145 1443 1486 1864 1714 1535 1216 1185 1952 1957 1879 1083 1228 1097 1121 1358 1315 1940 1697 1140 1146 1946 1696 1700 1090 1383 1728 1776 1804 1015 1861 1192 1175 1977 1935 1283 1792 1443 1359 1135 1800 1419 1985 1483 1067 1713 1873 1105 1036 1921 1199 1051 1433 1479 BCNSPRNW ULIB Ver.6.0+V

เปลี่ยนเป็นภาษาไทย

Change to English
 แสดงรายละเอียดบรรณานุกรม
  กลับหน้าหลัก

Brief Record : Get Marc (ISO 2709) : E-mail record : QR code < ปิดหน้าต่าง
LEADER : 00000nam 2200000uu 4500
001    13399127940
003     ULIB
008    211115s2020||||th 000 0 tha d
020    ^a9780323676991
060 04 ^aWS368^bO15
245 10 ^aCase-Smith s Occupational therapy for children and adolescents /^c[edited by] Jane Case-Smith, Jane Clifford O Brien.
246 30 ^aOccupational therapy for children
250    ^a8th ed.
260    ^aSt. Louis, Missouri :^bElsevier,^c2020
300    ^axviii 882 p. :^bill ;^c28 cm.
500    ^aPreceded by: Occupational therapy for children / [editedby] Jane Case-Smith, Jane Clifford O Brien. 6th ed. c2010
504    ^aIncludes bibliographical references and index
505 0  ^aAn overview of occupational therapy for children / JaneCase-Smith -- Foundations and practice models foroccupational therapy with children / Jane Case-Smith --Development of childhood occupations / Jane Case-Smith --Adolescent development: transitioning from child to adult/ Kerryellen Vroman -- Working with familities / LynnJaffe, Sharon Cosper -- Use of standardized tests inpediatric practice / Pamela K. Richardson -- Applicationof motor control/motor learning to practice / Jane O Brien-- Hand function evaluation and intervention / Jane Case-Smith, Charlotte E. Exner -- Sensory integration / L.Diane Parham, Zoe Mailloux -- Cognitive interventions forchildren / Angela Mandich, Jessie Wilson, Kaity Gain --Interventions to promote social participation for childrenwith mental health and behavioral disorders / Claudia ListHilton -- Social participation for youth ages 12 to 21 /Jessica Kramer, Kendra Liljenquist, Matthew E. Brock,Zachary Rosetti, Brooke Howard, Melissa Demir, Erik W.Carter -- Interventions and strategies for challengingbehaviors / Renee Watling -- Feeding intervention /Kimberly Korth, Lauren Rendell -- Activities of dailyliving and sleep and rest / Jayne Shepherd -- Instrumentalactivities of daily living, driving, and communityparticipation / M. Louise Dunn, Kathryn M. Loukas -- Play/ Kari J. Tanta, Susan H. Knox -- Prewriting andhandwriting skills / Colleen M. Schneck, Jane Case-Smith -- Influencing participation through assistive technologyand universal access / Judith W. Schoonover, Rebecca E.Argabrite Grove -- Mobility / Christine Wright-Ott --Neonatal intensive care unit / Jan Hunter, Anjanette Lee,Leslie Altimier -- Early intervention / Christine TeetersMyers, Jane Case-Smith, Jana Cason -- School-basedoccupational therapy / Susan Bazyk, Susan Cahill --Hospital and pediatric rehabilitation services / Brian J.Dudgeon, Laura Crooks, Elizabeth Chappelle -- Transitionto adulthood / Dennis Cleary, Andrew Persch, Karen Spencer-- Intervention for children who are blind or who havevisual impairment / Kathryn M. Loukas, Patricia S.Nagaishi / Autism spectrum disorder / Heather Miller-Kuhaneck -- Neuromotor: cerebral palsy / Patty C. Coker-Bolt, Teressa Garcia, Erin Naber -- Pediatric hand therapy/ Jenny Dorich, Karen Harpster -- Trauma-inducedconditions / Amber Lowe, Patti Sharp, Carrie Thelen, BethWarnken.
650  0 ^aAdolescent
650  0 ^aChild, Exceptional
650  2 ^aChildren
650  2 ^aDevelopmental Disabilities^xrehabilitation
650  2 ^aDisabled Children^xrehabilitation
650  2 ^aOccupational Therapy
700 1  ^aCase-Smith, Jane,^d1953- ,^eauthor,^eeditor
700 1  ^aO Brien, Jane Clifford,^eauthor,^eeditor
945    ^p2541^l0^i008528
999    ^aประนอม เกษจรัล
รายการนี้ยังไม่มีแท็ก
คุณยังไม่ได้ล็อกอิน คุณสามารถมีกิจกรรมร่วมกับเว็บไซต์ได้ แต่ต้องล็อกอินก่อน ::
  ล็อกอิน

รายการสื่อสารสนเทศ

ลำดับที่ ประเภท เลขเรียก/บาร์โค้ด สถานที่ สถานะ
1. วิทยาศาสตร์การแพทย์ และสุขภาพ
หนังสือสำรอง
สถานะ=หนังสือสำรอง
WS368 O15 ฉ.1 
  Barcode: 008528
ห้องสมุดวิทยาเขตสวรรค์ประชารักษ์
►หนังสือทั่วไป
บนชั้น

รายการใกล้เคียง
    หัวเรื่อง [Adolescent]
    หัวเรื่อง [Children]
    หัวเรื่อง [Occupational Therapy]

BibComment


ยังไม่เคยถูกคอมเมนท์

คอมเมนท์ทรัพยากรรายการนี้
  คอมเมนท์: CaseSmith s Occu..


 Copyright 2026. Bcnsprnw @Library